000 00384nam a2200157Ia 4500
008 100122s9999 xx 000 0 und d
082 _b3187
_a823
100 _aBROWNE R G
245 _aA KNIGHT AND A DAY (BUNDLE- A)
250 _a0
260 _c1937
300 _a280
630 _aA KNIGHT AND A DAY (BUNDLE- A)
730 _aA KNIGHT AND A DAY (BUNDLE- A)
942 _cBOOK
999 _c442917
_d442914